000 00609nam a2200205Ia 4500
003 GCL
008 140319s9999 xx 000 0 ara d
040 _aGCL /
_cGCL
082 0 4 _a746
_bس ز
100 1 _aسعد الخادم
245 1 0 _aالازياء الشعبية /
_cسعد الخادم
260 _aالقاهرة :
_bوزارة الثقافة والارشاد القومى ،
_c1961
300 _a116 ص ؛
_c18 سم
490 _a
650 0 4 _aمصر
650 0 4 _aالفلكلور المصرى
650 0 4 _aالازياء
650 0 4 _aالازياء الشعبية
942 _2ddc
_cBK
999 _c36529
_d36529